000 03090cam a22005178a 4500
001 10136947
003 Nust- CAS-E
005 20180118181408.0
006 m d
007 cr n
008 120521s2012 nju sb 001 0 eng d
020 _a9781118361153 (ePub)
020 _a9781118361160 (Adobe PDF)
020 _a9781118361184 ( MobiPocket)
020 _z9781118308677 (hardback)
035 _a(WaSeSS)ssj0000722797
040 _aDLC
_beng
_cDLC
_dDLC
_dWaSeSS
042 _apcc
050 4 _aTS170.5
050 4 _aTS170.5
_b.P69 2013
050 4 _aTS170.5
_b.P69 2012
082 0 0 _a658.5
_223
_bPOW 2013
084 _aTEC031000
_2bisacsh
210 1 0 _aThe power of design
245 0 4 _aThe power of design
_h[electronic resource] :
_bproduct innovation in sustainable energy technologies /
_cedited by Angele Reinders, Jan Carel Diehl, Han Brezet.
260 _aHoboken, N.J. :
_bWiley,
_c2012.
263 _a1211
502 _a0
504 _aIncludes bibliographical references and index.
506 _aLicense restrictions may limit access.
520 _a"Unique in linking sustainable energy technologies with innovation and product design, this book offers clear explanation of both and case studies enabling readers to understand and design energy-efficient products in several different markets.The book integrates the subject areas that are necessary for the design of sustainable and energy-efficient products based on sustainable energy technologies. The theory provided is illustrated by cases of design projects and concepts in practice. With the book's methodological approach, the reader is able to apply the information and examples in their research projects or product design processes.This book fills a void in existing literature at the intersection of innovation processes, sustainable energy technologies, energy demand reduction, product development, and user behaviour, which requires an integrated view on the development of sustainable energy solutions. As such, the editors offer a unique publication in "product innovation in sustainable energy technologies and energy-efficiency" that corresponds to the growing interest in the field"--
650 0 _aNew products
_xEnvironmental aspects.
650 0 _aProduct design.
650 0 _aGreen products.
650 7 _aTECHNOLOGY & ENGINEERING / Power Resources / General.
_2bisacsh
700 1 _aReinders, Angele.
700 1 _aDiehl, Jan Carel.
700 1 _aBrezet, Han.
773 0 _tWiley-Blackwell Online Books - CIC Consortium 2012
773 0 _tWiley-Blackwell Online Books
776 0 8 _iPrint version:
_tPower of design
_dHoboken, N.J. : Wiley, 2012
_z9781118308677 (hardback)
_w(DLC) 2012014110
856 4 0 _uhttp://www.columbia.edu/cgi-bin/cul/resolve?clio10136947.001
_zFull text available from Wiley-Blackwell Online Books
856 4 0 _uhttp://www.columbia.edu/cgi-bin/cul/resolve?clio10136947.002
_zFull text available from Wiley-Blackwell Online Books - CIC Consortium 2012
910 _aLibrary of Congress record
942 _2ddc
_cBK
999 _c355638
_d355638